00606nam a2200181 a 4500008004100000020001500041050001800056100001900074245010900093250001200202260006100214300002200275350000900297650002300306650003600329650004000365700001900405100330s2008 ||||||||||||||||| || u a0131354213 aHF 5415.2 Bur aBurns, Alvin C10aBasic marketing research: using Microsoft excel data analysis. (2nd ed.)cAlvin C. Burns; Ronald F. Bush a2nd ed. aUpper Saddle River, N. J.:bPearson Education, Incc2008 axxix, 510p.: ill. a0.00 0aMARKETING RESEARCH aMICROSOFT EXCEL (COMPUTER FILE) 0aMARKETING--MANAGEMENT--CASE STUDIES aBush, Ronald F